|
|
|
|
| LEADER |
00974 a2200217 4500 |
| 008 |
210320b ||||| m||| 00| 0 eng d |
| 082 |
|
|
|a 633.18
|
| 100 |
|
|
|a Dhanya Thomas T. T.
|
| 245 |
|
|
|a Enhancing abiotic stress tolerance of Oryza sativa L. bypriming seeds and seedlings with UV-B radiation /
|c by Dhanya Thomas T. T.
|
| 260 |
|
|
|c 2020
|
| 300 |
|
|
|a 233p. ;
|c 29 cm.
|
| 502 |
|
|
|a Thesis (Ph. D.)-- Plant Physiology And Biochemistry Division Department of Botany ,University of Calicut, 2020.
|
| 504 |
|
|
|a Includes bibliographical references (p. 175-231) and abstract.
|
| 653 |
|
|
|a Abiotic stress tolerance
|
| 653 |
|
|
|a Plant and Animal Science
|
| 653 |
|
|
|a Life Sciences
|
| 796 |
|
|
|a Jos,T.Puthur.
|c Dr.
|e Thesis advisor.
|
| 856 |
|
|
|u http://hdl.handle.net/10603/315408
|y Click here for full text
|
| 942 |
|
|
|2 ddc
|c TH
|
| 999 |
|
|
|c 357726
|d 357726
|
| 952 |
|
|
|0 0
|1 0
|4 0
|6 633_180000000000000_DHA_E_TH
|7 0
|9 414878
|a UL
|b UL
|c PROC
|d 2021-03-14
|o 633.18 DHA/E TH
|p NB7546
|r 2021-03-14
|y TH
|